000 00817nam a22002537a 4500
005 20170123162312.0
010 _aA-574755
020 _c25.00
035 _aA-574755
037 _bCen Lib/Ret
040 _aDPL
_bUR
082 _a394.260954
_bب ه ا
245 _aبھارت کے تھوا ر
_cمترجم ضمیر حسن
246 _aBharat ke tyohar /
_bTranslated by Zamir Hasan
260 _aنیو دہلی
_bنیشنل بک ٹرسٹ
_c1991
270 _aاے .٥، گرین پارک
_bنیو دہلی
_e110016
300 _a122p.
_c22cm(pbk)
650 _a تہوار - بھرت
_9509
650 _a تہوار
_9112080
650 _aFestivals --India
_91265
650 _aFestivals
_916885
700 _a ضمیر حسن
_9661
942 _2ddc
_cUR
_h394.260954
_mب ه ا
999 _c106465
_d106465